| 000 | 00892nam a2200193 a 4500 | ||
|---|---|---|---|
| 005 | 20260221185204.0 | ||
| 008 | 260220s2026##################000#0#eng## | ||
| 020 |
_a9780198298984 _qpbk |
||
| 041 | _aeng | ||
| 082 | 0 | 4 |
_a320.15 _bMUS |
| 100 | _aMusgrave | ||
| 245 | 1 | 0 |
_aSelf-Determination and National Minorities (Oxford Monographs in International Law) _c/ Thomas D. Musgrave |
| 260 |
_bOxford Univ Pr on Demand _c2000. |
||
| 300 |
_a338p,; _c20 cm. |
||
| 504 | _aindex | ||
| 520 | _aThis meticulously researched book explores the relationship between self-determination and minority rights in international law. Highly detailed in its treatment of the subject, this volume looks at recent events, such as the atrocities in the former Yugoslavia, and provides the reader with significant clarification of the legal issues involved. | ||
| 650 | _apolitical science | ||
| 942 | _cENGLISH | ||
| 999 |
_c614621 _d614621 |
||